000 00691nam a22002057a 4500
005 20100813135537.0
010 _aENG-100337
020 _a818988204-X
_c45.00
035 _aEN-83869
037 _bDBAD/PUB
082 _a280
245 _aCompendium :
_bcatechism of the catholic church /
260 _aDindigul
_bVaigarai Publishing House
_c2006
270 _aOpp. St.Mary's Hr. Sec. School, Main Road
_bDindigul
_e624001
300 _axvii, 222p.
_c21cm (pbk)
650 _aCathechism
_913633
650 _aCatholic Church
_913634
942 _2ddc
_cEN
_h280
_mCOM
999 _c41616
_d41616